<?xml version="1.0" encoding="UTF-8"?>
<record
    xmlns:xsi="http://www.w3.org/2001/XMLSchema-instance"
    xsi:schemaLocation="http://www.loc.gov/MARC21/slim http://www.loc.gov/standards/marcxml/schema/MARC21slim.xsd"
    xmlns="http://www.loc.gov/MARC21/slim">

  <leader>02743nam a2200397uu 4500</leader>
  <controlfield tag="001">1455046</controlfield>
  <controlfield tag="005">20260508090659.0</controlfield>
  <controlfield tag="008">161121s2015                        spa  </controlfield>
  <datafield tag="020" ind1=" " ind2=" ">
    <subfield code="a">9789585930605</subfield>
  </datafield>
  <datafield tag="035" ind1=" " ind2=" ">
    <subfield code="a">1455046</subfield>
  </datafield>
  <datafield tag="040" ind1=" " ind2=" ">
    <subfield code="c">comduadb</subfield>
  </datafield>
  <datafield tag="041" ind1=" " ind2=" ">
    <subfield code="a">spa</subfield>
  </datafield>
  <datafield tag="050" ind1=" " ind2="4">
    <subfield code="a">GV</subfield>
  </datafield>
  <datafield tag="082" ind1=" " ind2="4">
    <subfield code="a">796</subfield>
  </datafield>
  <datafield tag="100" ind1="1" ind2="0">
    <subfield code="a">Gaviria Garcia, Nelson Alveiro</subfield>
    <subfield code="4">aut</subfield>
    <subfield code="e">aut</subfield>
    <subfield code="9">524945</subfield>
  </datafield>
  <datafield tag="245" ind1="1" ind2="0">
    <subfield code="a">Pr&#xE1;cticas deportivas emergentes en Medell&#xED;n pura Adrenalina</subfield>
  </datafield>
  <datafield tag="260" ind1=" " ind2=" ">
    <subfield code="a">Medell&#xED;n :</subfield>
    <subfield code="b">INDER,</subfield>
    <subfield code="c">2015.</subfield>
  </datafield>
  <datafield tag="300" ind1=" " ind2=" ">
    <subfield code="a">133 p&#xE1;ginas :</subfield>
    <subfield code="b">ilustraciones a color</subfield>
  </datafield>
  <datafield tag="505" ind1=" " ind2=" ">
    <subfield code="a">CONTENIDO: Introducci&#xF3;n. -- Marco institucional: Acuerdo municipal. -- Referentes conceptuales. -- Pr&#xE1;cticas deportivas y recreativas emergentes. -- Componentes de las pr&#xE1;cticas: Componente f&#xED;sico motriz. Espacio. Rasgos identitarios. -- Pr&#xE1;cticas emergentes en Medell&#xED;n: La escalada. Ciclomonta&#xF1;ismo-Downhill urbano. Parapentismo. Freestyle frisbee. Agility. Capoeira. Motocross. Parkour. Roller derby. Salto doble cuerda. Orientaci&#xF3;n. Skateboarding. Street workout. Slacklie. Paintball. Triciclos de derrape (drift trike). -- Otras pr&#xE1;cticas alternativas. -- Proyecto Adrenalina: Adrenalina Aventura 7 Cerros. Adrenalina en el cielo. Adrenalina urban bike. Adrenalina urbanos. Adrenalina a motor. -- Eventos de ciudad relacionados con adrenalina. -- Conclusiones. -- Ep&#xED;logo. -- Referencias. .</subfield>
  </datafield>
  <datafield tag="520" ind1="3" ind2=" ">
    <subfield code="a">El Inder Medell&#xED;n a trav&#xE9;s del proyecto Adrenalina reconoce, promueve y apoya estas pr&#xE1;cticas mediante diferentes l&#xED;neas de acci&#xF3;n: Nuevas Tendencias Deportivas, Escuelas de Adrenalina y Eventos de Adrenalina. En vista de la necesidad de caracterizar e identificar las pr&#xE1;cticas que se vienen implementando en la ciudad, el proyecto Adrenalina y el Observatorio del Deporte, la Recreaci&#xF3;n y la Actividad F&#xED;sica del Inder Medell&#xED;n realizan un estudio sobre las pr&#xE1;cticas deportivas emergentes desarrolladas en Medell&#xED;n, con la ayuda de quienes llevan a cabo estas pr&#xE1;cticas...Tomado de la introducci&#xF3;n.</subfield>
  </datafield>
  <datafield tag="650" ind1=" " ind2=" ">
    <subfield code="a">Pr&#xE1;ctica deportiva</subfield>
    <subfield code="9">138995</subfield>
  </datafield>
  <datafield tag="650" ind1=" " ind2=" ">
    <subfield code="a">Deporte y recreaci&#xF3;n - Medell&#xED;n</subfield>
    <subfield code="9">212396</subfield>
  </datafield>
  <datafield tag="650" ind1=" " ind2=" ">
    <subfield code="a">Actividad deportiva</subfield>
    <subfield code="9">132346</subfield>
  </datafield>
  <datafield tag="650" ind1=" " ind2=" ">
    <subfield code="a">Acuerdo 22 de 2012</subfield>
    <subfield code="9">220434</subfield>
  </datafield>
  <datafield tag="650" ind1=" " ind2=" ">
    <subfield code="a">Deportes - Medell&#xED;n</subfield>
    <subfield code="9">63323</subfield>
  </datafield>
  <datafield tag="650" ind1=" " ind2=" ">
    <subfield code="a">Deportes extremos</subfield>
    <subfield code="9">125473</subfield>
  </datafield>
  <datafield tag="650" ind1=" " ind2=" ">
    <subfield code="a">Deportes urbanos</subfield>
    <subfield code="9">218945</subfield>
  </datafield>
  <datafield tag="650" ind1=" " ind2=" ">
    <subfield code="a">Deportes de sliz</subfield>
    <subfield code="9">219108</subfield>
  </datafield>
  <datafield tag="650" ind1=" " ind2=" ">
    <subfield code="a">INDER (Instituto de Deportes y Recreaci&#xF3;n)</subfield>
    <subfield code="9">133700</subfield>
  </datafield>
  <datafield tag="650" ind1=" " ind2="7">
    <subfield code="a">Pol&#xED;tica deportiva</subfield>
    <subfield code="2">lemb</subfield>
    <subfield code="9">135051</subfield>
  </datafield>
  <datafield tag="700" ind1="1" ind2="0">
    <subfield code="a">Pulido Quintero, Sandra Maryory</subfield>
    <subfield code="4">aut</subfield>
    <subfield code="e">aut</subfield>
    <subfield code="9">526490</subfield>
  </datafield>
  <datafield tag="700" ind1="1" ind2="0">
    <subfield code="a">Brunal Berrocal, Diana Pahola</subfield>
    <subfield code="4">aut</subfield>
    <subfield code="e">aut</subfield>
    <subfield code="9">748099</subfield>
  </datafield>
  <datafield tag="700" ind1="1" ind2="0">
    <subfield code="a">Rodr&#xED;guez Ramirez, Juan Carlos</subfield>
    <subfield code="4">aut</subfield>
    <subfield code="e">aut</subfield>
    <subfield code="9">732162</subfield>
  </datafield>
  <datafield tag="700" ind1="1" ind2="0">
    <subfield code="a">Higuita Rojas, Fabi&#xE1;n</subfield>
    <subfield code="4">aut</subfield>
    <subfield code="e">aut</subfield>
    <subfield code="9">732163</subfield>
  </datafield>
  <datafield tag="942" ind1=" " ind2=" ">
    <subfield code="c">BOOK</subfield>
  </datafield>
  <datafield tag="999" ind1=" " ind2=" ">
    <subfield code="c">743152</subfield>
    <subfield code="d">743152</subfield>
  </datafield>
  <datafield tag="952" ind1=" " ind2=" ">
    <subfield code="0">0</subfield>
    <subfield code="1">0</subfield>
    <subfield code="4">0</subfield>
    <subfield code="7">0</subfield>
    <subfield code="8">GENERAL</subfield>
    <subfield code="a">EDUFI</subfield>
    <subfield code="b">EDUFI</subfield>
    <subfield code="d">2016-11-21</subfield>
    <subfield code="e">Material adquirido por donaci&#xF3;n</subfield>
    <subfield code="i">C1254760</subfield>
    <subfield code="l">0</subfield>
    <subfield code="o">GV343.5 G3p</subfield>
    <subfield code="p">1030161</subfield>
    <subfield code="r">2023-05-03 00:00:00</subfield>
    <subfield code="t">1</subfield>
    <subfield code="w">2023-05-03</subfield>
    <subfield code="y">BOOK</subfield>
  </datafield>
  <datafield tag="952" ind1=" " ind2=" ">
    <subfield code="0">0</subfield>
    <subfield code="1">0</subfield>
    <subfield code="4">0</subfield>
    <subfield code="7">0</subfield>
    <subfield code="8">ANTIOQUIA</subfield>
    <subfield code="a">BC</subfield>
    <subfield code="b">BC</subfield>
    <subfield code="d">2016-11-24</subfield>
    <subfield code="e">Material adquirido por donaci&#xF3;n</subfield>
    <subfield code="g">22000.00</subfield>
    <subfield code="i">C1255103</subfield>
    <subfield code="l">0</subfield>
    <subfield code="o">796.1 O14</subfield>
    <subfield code="p">1016087</subfield>
    <subfield code="r">2023-05-03 00:00:00</subfield>
    <subfield code="t">2</subfield>
    <subfield code="w">2023-05-03</subfield>
    <subfield code="y">BOOKI</subfield>
  </datafield>
</record>
